| 000 | 00000nam 2200000za 4500 |
| 001 | 9.846906 |
| 003 | CaOODSP |
| 005 | 20221107153320 |
| 007 | cr ||||||||||| |
| 008 | 171109s2017 onc #o f000 0 fre d |
| 040 | |aCaOODSP|bfre |
| 043 | |an-cn--- |
| 086 | 1 |aH113-5/2017-26F-PDF|zH113-5/2017-26F |
| 245 | 00|aPlan de travail concernant la réévaluation du flucarbazone |h[ressource électronique]. |
| 260 | |aOttawa : |bAgence de réglementation de la lutte antiparasitaire, Santé Canada, |c2017. |
| 300 | |a3 p. |
| 490 | 1 |aNote de réévaluation, |x1925-0665 ; |vREV2017-26 |
| 500 | |aTitre pris sur la couv. |
| 500 | |a« Le 31 octobre 2017. » |
| 500 | |aPubl. aussi en anglais sous le titre : Re-evaluation project plan for flucarbazone. |
| 520 | |a« Au Canada, le flucarbazone fait l’objet d’une réévaluation par l’Agence de réglementation de la lutte antiparasitaire (ARLA) de Santé Canada. L’ARLA réévalue les pesticides homologués afin de déterminer si l’utilisation de ces produits continue d’être acceptable sur le plan de la valeur, de la santé humaine et de l’environnement d’après les normes en vigueur. » -- Contexte, p. 1. |
| 692 | 07|2gccst|aPesticide |
| 692 | 07|2gccst|aAccréditation |
| 692 | 07|2gccst|aToxicologie |
| 710 | 1 |aCanada. |bAgence de réglementation de la lutte antiparasitaire. |
| 710 | 1 |aCanada. |bSanté Canada. |
| 775 | 08|tRe-evaluation project plan for flucarbazone |w(CaOODSP)9.846903 |
| 830 | #0|aNote de réévaluation (Canada. Agence de réglementation de la lutte antiparasitaire)|x1925-0665 ; |vREV2017-26.|w(CaOODSP)9.500878 |
| 856 | 40|qPDF|s86 Ko|uhttps://publications.gc.ca/collections/collection_2017/sc-hc/H113-5/H113-5-2017-26-fra.pdf |